MDQL
is popping MORE tags! Check the
thread
!
Quizzes
Events
Quiz Creation
Community
Videos
Private Events
Remove Ads
Sign In
Join for FREE
Feedback
Dark Mode
Quiz Categories
Sports
Geography
Music
Movies
Television
Just For Fun
Miscellaneous
History
Literature
Language
Science
Gaming
Entertainment
Religion
Holiday
For Kids
Quiz Lab
Recent
Popular Today
Quiz Kudos Today
Editor Picks
Curator Picks
Quizzes by...
Day
Popularity
Type
Ratings
Length
Year
Community
Subscriptions
Recent Discussions
Orange Saloon
Badges
Playlists
Quests
Create
Leaderboards
Showdown
Live 5
Trivia Bingo
Activity
Puzzle Library
Sporcle Events
Private Events
Virtual Trivia
Globe League
Become a Host
Pub Owners
SporcleCon
Opinionation
Our Games
Videos
Blog
Mobile Apps
Partnerships
Remove Ads and Go Orange
Feedback
Sports
Athletes
MLB
NBA
NHL
NFL
Soccer
Sports Teams
WWE
NCAA
Football
Premier League
Basketball
Baseball
Hockey
Golf
Tennis
Cricket
Rugby
Auto Racing
Olympics
World Cup
Sports
Athletes
MLB
NBA
NHL
NFL
Soccer
Sports Teams
WWE
NCAA
Football
Premier League
Basketball
Baseball
Hockey
Golf
Tennis
Cricket
Rugby
Auto Racing
Olympics
World Cup
Random Quiz
Search Sporcle
×
Quiz Lab
Quiz Lab
Sports
Soccer
Type in answers that appear in a list
Type in answers that appear in a list
Classic
Best Score? Go Orange.
Premier League Sponsors all time Stats
Can you name the Premier League Sponsors all time?
By
cray1892
18m
151 Questions
398 Plays
398 Plays
398 Plays
Comments
Comments
Give Quiz Kudos
Give Quiz Kudos
-
- Ratings
hide this ad
Replay
Link that replays current quiz
Next Quiz
Link to next quiz in quiz playlist
You Got
0%
They Got
Avg Score
24%
Avg Friend Score
Upgrade to see
Score Distribution
Jump to the score distribution portion of the page
Score
0/151
Timer
18:00
0
Plays Today
% Correct
Fly Emirates
87.7%
Fly Emirates
87.7%
Carlsberg
77.6%
JVC
75.9%
Dreamcast
72.4%
Sharp
70.9%
AIG
66.8%
Vodafone
63.6%
Samsung Mobile
63.3%
Chang
58.5%
02
58.3%
Etihad Airways
57.8%
Reebok
56.5%
Newcastle Brown Ale
56.5%
Walkers
53.8%
Standard Chartered
53.8%
Aon
49.5%
Northern Rock
45.2%
Thomas Cook
44.7%
Coors
43.7%
Holsten Pills
42.5%
JJB Sports
41.2%
Autoglass
40.2%
Brother
39.4%
NTL
37.7%
Wonga.com
37.7%
NTL
37.7%
Strongbow
37.2%
Mansion
36.9%
McEwans Lager
36.4%
McEwans Lager
36.4%
Pizza hut
35.9%
888.com
35.9%
Acorns
35.2%
Crown Paints
34.7%
Ty
34.4%
Britannia
34.2%
Sanderson
33.2%
Sanderson
32.9%
Bt Cellnet
32.7%
Hewlett Packard
32.7%
One 2 One
30.9%
Doritos
30.7%
Rover
30.2%
LG
29.6%
LG
29.6%
Muller
28.9%
Reg Vardy
27.4%
NEC
26.6%
Thistle Hotels
26.6%
Thomson
25.9%
% Correct
Labatts
25.6%
T Mobile
25.4%
32red.com
24.6%
32 Red
24.6%
LDV Vans
24.1%
Dr Martens
24.1%
Aviva
24.1%
Commodore International
23.9%
Packard Bell
22.1%
Dagenham Motors
22.1%
JD Sports
21.6%
FxPro
21.4%
FxPro
21.4%
Peugeot
21.1%
Whyte and Mackay
21.1%
XL Airways
20.9%
Puma
20.1%
Phones4U
19.6%
Vaux Breweries
19.6%
Phones4U
19.6%
Mita copiers
19.1%
Elonex
18.8%
DWS Investments
18.6%
Subaru
18.6%
TDK
17.8%
Danka
17.8%
Eidos
17.3%
Oki
17.1%
Air Asia
17.1%
Bet24.com
16.8%
188BET
16.8%
188Bet
16.8%
F & C Investments
16.6%
CIS
16.6%
Betfair
16.6%
Fisons
16.6%
Boylesports
16.6%
AST
16.3%
Jobsite
16.3%
Sbobet
16.1%
Genting Casinos
15.8%
JCT600
15.8%
Autonomy Investec
15.8%
Ora
15.6%
All Sports
15.6%
Friends Provident
15.6%
Churchill
15.3%
Kyocera
15.3%
Sportingbet
15.3%
Tombola
15.1%
Pedigree
14.8%
% Correct
Pipex
14.8%
Draper Tools
14.8%
Prince's Trust
14.6%
Keijan
14.3%
Alliance & Leicester
14.3%
Redbus
13.8%
Garmin
13.8%
Capital One
13.8%
Lonsdale
13.6%
Greene King
13.3%
Llanera
13.1%
Karoo
12.8%
Jobserve
12.6%
EDS
12.3%
Classic Fm
12.3%
TIME
12.1%
Malaysia Air
12.1%
Aurasma Investec
11.8%
Ici
11.6%
Admiral
11.3%
West Bromwich Building Society
11.3%
Laver
11.1%
flybe.com
10.6%
Shipstones
10.3%
Derbyshire Building Society
10.1%
Kingston
9.8%
Cooke Fuels
9.5%
First Advice
9.5%
Tiny
9.5%
Dabs.com
8.8%
Pinnacle Systems
8.8%
loans.co.uk
8.8%
Proton
8.8%
Tulip Computers
8%
Dial a phone
7.8%
Dimplex
7.8%
Compaq
7.5%
AMD Processors
7.3%
Mesh Computers
6.3%
TXU Energi
6.3%
Burmah
6.3%
12Bet
6.3%
Norwich and Peterbrough
6.3%
LBC
5.8%
Totesport.com
4.5%
Homeserve
4.5%
Bodog
4.5%
HAS
2.8%
CSF
2.5%
Quiz Playlist
Details
Report
Send in Message
Add To Playlist
Classic:
Type in answers that appear in a list
Last Updated: Feb 16, 2017
Quiz Scoreboard
CHALLENGE
Sign Up to Join the Scoreboard
Show All
Scores
Hide
Comments
May contain spoilers
Recently Published
1-10 Letter E Words III
by El_Dandy
Language
2m
Street Fighter Characters
by Artimus82
Gaming
60s
College Basketball Coaching Resumes
by pancakes188
Sports
9m
More to Explore
Quiz From the Vault
Featured Blog Post
Where Did the Easter Bunny Come From?
hide this ad
You Might Also Like...
Tags
Premier League Quiz
Soccer Quiz
League
Premier
Shirt Sponsors
sponsor
Today's Top Quizzes in Sports
Browse Sports
hide this ad
Today's Top Quizzes in Soccer
Browse Soccer
Top Contributed Quizzes in Sports
1
2022 World Cup Stars
2
Les meilleurs buteurs des matchs entre le PSG et l’OM
3
FIFA Club World Cup Champions
4
Les entraîneurs de l'OM et du PSG au 21e siècle
5
Criteria MLB: Left Handed Sluggers
6
2023 MLB Unique Player Accomplishments
7
AFC Teams Reveal (Wrong Answers Minefield)
8
Players with Multiple 50 Home Run Seasons
9
5-to-1: FBS Animal Nicknames
10
5-to-1: UK Sports Teams
Explore More
Trending Topics
Harry Potter
Crossword
Marvel
NBA
Disney
Anime
Kpop
Country
Soccer
WWE
Pokémon
Puzzle
The Office
Song
NFL
hide this ad
More By:
cray1892
Quiz
Plays
Rating
Category
Featured
Created
Most common England football team opponents
874
3.83
Sports
Sep 7, 2011
Premier League Sponsors all time
398
5.00
Sports
Sep 5, 2011
European Football Stadiums
219
3.75
Sports
Sep 6, 2011
Go to Creator's Profile
Score Distribution
Quiz Creator Spotlight
cray1892
Follow
Send a Message
Quizzes Created
-
Created Quiz Play Count
-
More By This Creator
Popular Quizzes Today
1
Find the US States - No Outlines Minefield
2
Find the Countries of Europe - No Outlines Minefield
3
The Countries of the World
4
Find the US States
5
Risky Map Clicking: Biggest States A-Z
6
US States
7
Popular People in 1961
8
Movies - When Are They Set?
More Sports Quizzes
Brazilian or Portuguese Footballer?
Curator's Pick
Trending Quizzes
Risky Map Clicking: Least Populous States A-Z
Billboard Blitz: Aretha Franklin
Famous Russians: Author or Composer?
Countries of the World: 200 Million BC
1-10 Letter G Words
Recently Updated
Leaping Animals
pecheneg
Reality TV Shows (A-Z)
bhenderson79
Rickey Henderson's Hall of Fame Teammates
pecheneg
Champions League XIs: Arsenal
pecheneg
Quick Pick: Celebrities in WWE's Hall of Fame
aduchscher
A-Z Keypad Blitz II
pecheneg
Multiple Oscar Actors
pecheneg
Mystery Phrase Blitz: Oscar 'Best Actors'
pecheneg
F. Scott Fitzgerald Novels
LTH
Pick 3 Villains
ddd62291
Trending Topics
Disney
Marvel
NBA
Kpop
Crossword
Anime
Harry Potter
Song
NFL
WWE
Country
Puzzle
The Office
Pokémon
Soccer
Your Account Isn't Verified!
In order to create a playlist on Sporcle, you need to verify the email address you used during registration. Go to your
Sporcle Settings
to finish the process.
Report this User
Report this user for behavior that violates our
Community Guidelines
.
Details:
Send Report
Go to the Sporcle.com Mobile Site →
Comments